<The> Economic Impact of the Growth of Health Expenditure on Households in Slovakia

Analýza výdavkov domácností z hľadiska štruktúry, ekonomického stavu a počtu nezaopatrených detí. Starnutie populácie Slovenska, očakávaný vývoj v tejto oblasti, dopad na zdravotníctvo a finančná záťaž na staršiu generáciu. Skúmanie, či v budúcnosti bude zdravie označované ako "luxusný tovar".

Saved in:
Bibliographic Details
Main Author: Nováková, Michaela, 1977-
Format: Book Chapter
Language:English
Subjects:
Tags: Add Tag
No Tags, Be the first to tag this record!

MARC

LEADER 00000naa a2200000 4500
001 0258560
005 20240502083735.1
041 0 |a eng 
044 |a HR 
245 1 0 |a <The> Economic Impact of the Growth of Health Expenditure on Households in Slovakia  |c Michaela Nováková 
520 |a Analýza výdavkov domácností z hľadiska štruktúry, ekonomického stavu a počtu nezaopatrených detí. Starnutie populácie Slovenska, očakávaný vývoj v tejto oblasti, dopad na zdravotníctvo a finančná záťaž na staršiu generáciu. Skúmanie, či v budúcnosti bude zdravie označované ako "luxusný tovar". 
610 2 0 |a zdravotníctvo 
610 2 0 |a príjmy domácností 
610 2 0 |a dôsledky sociálne 
610 2 0 |a výdavky obyvateľstva 
610 2 0 |a poplatky 
100 1 |a Nováková, Michaela, 1977-